• 首页
  • 本馆介绍
  • 公告通知
  • 最新文献
  • 馆藏检索
  • 电子资源
  • 读者导购
  • 参考咨询
  • 我的图书馆
  • 登录
  • 详细信息显示
  • 放入我的书架
  • 预约/预借图书
  • 作者相关作品
  • 分类相关作品
  • 丛书相关作品
  • 出版社相关作品

书目信息

  • 表格格式
  • 工作单格式
  • 卡片格式
题名:
学生心理健康教育全书
    
 
作者: 杨宝宏 , 李凤芹 主编
分册: 一  
出版信息: 北京   长城出版社  2000
页数: 347页
开本: 20cm
丛书名: 21世纪教育振兴书系
单 册:
中图分类: B844.2 , B84
科图分类:
主题词: 小学生--心理卫生 , 中学生--心理卫生 , 小学生 , 中学生 , 心理卫生 , 心理学
电子资源:
ISBN: 7-80017-513-8
000 01006oam2 2200325 450
001 1556185658
005 20151111103744.82
010    @a7-80017-513-8@dCNY21.00,CNY128.00(全6册)
100    @a20020816d2000 ekmy0chiy0120 ea
101 0  @achi
102    @aCN@b110000
105    @ay z 000yy
200 1  @a学生心理健康教育全书@9xue sheng xin li jian kang jiao yu quan shu@h一@f杨宝宏,李凤芹主编
210    @a北京@c长城出版社@d2000
215    @a347页@d20cm
225 2  @a21世纪教育振兴书系
330    @a本书从推进全面素质教育入手,进行深层次的探讨,介绍实践中总结出来新经验与新方法,阐述学生心理健康教育等各个方面。
461  0 @12001 @a21世纪教育振兴书系
606 0  @a小学生@x心理卫生
606 0  @a中学生@x心理卫生
606 0  @a小学生
606 0  @a中学生
606 0  @a心理卫生
606 0  @a心理学
690    @aB844.2@v5
690    @aB84@v4
701  0 @a杨宝宏@9yang bao hong@4主编
701  0 @a李凤芹@9li feng qin@4主编
801  0 @aCN@bTSSF@c20150203
905    @aZUCC@dB84@eJY164:1
    
    学生心理健康教育全书.一/杨宝宏,李凤芹主编.-北京:长城出版社,2000
    347页;20cm.-(21世纪教育振兴书系)
    
    
    ISBN 7-80017-513-8:CNY21.00,CNY128.00(全6册)
    本书从推进全面素质教育入手,进行深层次的探讨,介绍实践中总结出来新经验与新方法,阐述学生心理健康教育等各个方面。
●
相关链接 在E读中查询图书 在五车中查询图书 在当当中查询图书 在豆瓣中查询图书


正题名:学生心理健康教育全书     索取号:B84/JY164:1         预约/预借

序号 登录号 条形码 馆藏地/架位号 状态 备注
1 7865277   278652771   学院路分馆/ [索取号:B84/JY164:1] 在馆    
唐山师范学院图书馆 欢迎您!
大连网信软件有限公司© 版权所有